Jadeed Haqumatain / (Record no. 35431)

MARC details
000 -LEADER
fixed length control field 00455nam a22001577a 4500
005 - DATE AND TIME OF LATEST TRANSACTION
control field 20240322085436.0
008 - FIXED-LENGTH DATA ELEMENTS--GENERAL INFORMATION
fixed length control field 240322b |||||||| |||| 00| 0 eng d
082 ## - DEWEY DECIMAL CLASSIFICATION NUMBER
Classification number 320.891
Item number SUR-J
100 ## - MAIN ENTRY--AUTHOR
Author Name Muhammad Surwar
245 ## - TITLE STATEMENT
Title Jadeed Haqumatain /
Statement of responsibility, etc. Muhammad Surwar.
260 ## - PUBLICATION, DISTRIBUTION, ETC.
Place of Publication Pakistam :
Name of publisher, distributor, etc. Ilmi Kitab Khana ,
Date of publication, distribution, etc. 2010 .
300 ## - PHYSICAL DESCRIPTION
Pages 480 p. :
500 ## - GENERAL NOTE
General note Annual question Papers given.
650 ## - SUBJECT ADDED ENTRY--TOPICAL TERM
Subject / Department Liierature/ poliitical science
300 ## - PHYSICAL DESCRIPTION
-- 21 cm .
952 ## - LOCATION AND ITEM INFORMATION (KOHA)
-- 0
-- 0
Holdings
Lost status Damaged status Collection code Permanent Location Current Location Shelving Location Date acquired Full Call Number Accession No./Barcode Date last seen item type Koha item type
    Literature/Urdu/eng/Islamic Superior Information Resource Center (SIRC) Superior University- Central Library Superior Information Resource Center (SIRC) Superior University- Central Library Political Science 03/22/2024 320.9 SUR-J 2010 29146 03/22/2024 BOOK BOOK

Powered by Koha